[Event "Sinquefield Cup 2022"]
[Site "Saint Louis"]
[Date "10.09.2022"]
[Round "8"]
[White "Dominguez, Leinier"]
[Black "Mamedyarov, Shakhriyar"]
[Result "1/2-1/2"]
[WhiteElo "2745"]
[BlackElo "2757"]
[EventDate "2022.09.01"]

1. e4 e5 2. Nf3 Nc6 3. Bb5 a6 4. Ba4 Nf6 5. O-O Nxe4 6. d4 b5 7. Bb3 d5 8.
dxe5 Be6 9. c3 Be7 10. Nbd2 Nc5 11. Bc2 d4 12. Nb3 d3 13. Bb1 Nxb3 14. axb3
Bf5 15. b4 O-O 16. h3 Qd7 17. Re1 Rfd8 18. Re3 h5 19. Ba2 Be6 20. Bb1 Bf5
21. Ba2 Be6 22. Bd2 g6 23. Bb1 Bf5 24. Ba2 Be6 25. Bxe6 Qxe6 26. Ne1 a5 27.
Nxd3 axb4 28. Rxa8 Rxa8 29. cxb4 Rd8 30. Qf1 Nd4 31. Bc3 Qf5 32. Ne1 c6 33.
Qd3 Qd7 34. Qe4 Ne6 35. Rd3 Qc8 36. Rxd8+ Bxd8 37. Nd3 Be7 38. Kf1 Qd7 39.
Ke2 Kf8 40. Bd2 Nd4+ 41. Kf1 Ke8 42. Be3 Ne6 43. Ke2 Kf8 44. Bc5 Bxc5 45.
Nxc5 Nxc5 46. bxc5 Qe6 47. b4 Qa2+ 48. Kf3 Qa3+ 49. Kf4 Qc1+ 50. Kg3 Qc3+
51. Kh2 Qd2 52. Kg3 Qc3+ 53. f3 Kg7 54. h4 Qd2 55. Qf4 Qe1+ 56. Kh2 Kg8 57.
Qd4 Kh7 58. Qf4 Kg8 59. Qf6 Qxb4 60. e6 fxe6 61. Qxg6+ Kf8 62. Qf6+ Kg8 63.
Qxe6+ Kg7 64. Qe5+ Kg8 65. Qe8+ Kg7 66. Qe7+ Kg8 67. Qe8+ Kg7 68. Qe5+ Kf8
69. Qf6+ Kg8 70. Qg5+ Kf8 71. Qxh5 Qf4+ 72. g3 Qd2+ 73. Kh3 b4 74. Qh8+ Kf7
75. Qh7+ Kf6 76. Qb7 Qe1 77. h5 Qe6+ 78. Kh4 Qc4+ 79. f4 Qd5 80. Qxb4 Qh1+
81. Kg4 Qd1+ 1/2-1/2

[Event "Sinquefield Cup 2022"]
[Site "Saint Louis"]
[Date "11.09.2022"]
[Round "9"]
[White "Nepomniachtchi, Ian"]
[Black "Niemann, Hans"]
[Result "1/2-1/2"]
[WhiteElo "2792"]
[BlackElo "2688"]
[EventDate "2022.09.01"]

1. c4 e5 2. Nc3 Bb4 3. Nd5 Be7 4. d4 exd4 5. Qxd4 Nf6 6. Nxe7 Qxe7 7. Bg5
Nc6 8. Qc3 d6 9. Nf3 Be6 10. g3 h6 11. Bxf6 Qxf6 12. Qxf6 gxf6 13. Nd2 d5
14. Bg2 dxc4 15. Bxc6+ bxc6 16. O-O-O c3 17. bxc3 Ke7 18. Kc2 Rhb8 19. Rb1
Rb6 20. c4 Ra6 21. Rb2 Rg8 22. h4 Ra4 23. Kc3 Rg4 24. Kb3 Ra5 25. Rc2 Rb5+
26. Kc3 Rc5 27. Kb2 Re5 28. e3 Rf5 29. Rf1 Rg8 30. Kc3 Ra5 31. Rb1 Rg4 32.
Rb4 c5 33. Rb7 Kd7 34. Rb8 Ra3+ 35. Kb2 Ra6 36. Rh8 Ra4 37. a3 f5 38. Rc3
Ke7 39. Rb8 Ra6 40. Kc2 Rb6 41. Ra8 Ra6 42. Kb2 Rb6+ 43. Kc1 Ra6 44. Kc2
Bd7 45. Kb2 Be6 46. Rh8 Rd6 47. Kc1 Bd7 48. Nb3 Ba4 49. Nxc5 Rd1+ 50. Kb2
Rd2+ 51. Kb1 Rd1+ 52. Kb2 Rd2+ 1/2-1/2